US States bordering the Atlantic - Statistics

General Stats
  • This quiz has been taken 20 times
  • The average score is 14 of 14
Answer Stats
Answer % Correct
Connecticut
100%
Delaware
100%
Florida
100%
Maine
100%
New Jersey
100%
New York
100%
North Carolina
100%
South Carolina
100%
Georgia
93%
Maryland
93%
Massachusetts
93%
New Hampshire
93%
Virginia
93%
Rhode Island
87%
No matching quizzes found
Score Distribution
Percent of People with Each Score
Percentile by Number Answered
Your Score History
You have not taken this quiz